000 00629nam a2200217Ia 4500
008 160621s9999 xx 000 0 und d
050 _aComSc NA 2728
050 _b.J44 2002
100 _aJefferis, Alan.
245 _aAutoCad 2002 for architecture /
245 _cAlan Jefferis, Michael Jones, Tereasa Jefferis.
260 _aSingapore :
260 _bThomson Learning Asia,
260 _c2002
300 _a1014 pages :
300 _billustrations ;
300 _c23 cm.
500 _aIncludes index.
650 _aAutoCad.
650 _xArchitectural drawing -- Computer-aided design -- Programmed instruction.
999 _c296163
_d296163